000 01663cam a2200325 a 4500
001 16951699
003 AUA.1
005 20160415095533.0
008 110908s2012 ilua b 001 0 eng
010 _a 2011037084
020 _a9781433530210 (tp)
020 _a143353021X (tp)
035 _a(OCoLC)ocn752068249
040 _aDLC
_beng
_cDLC
_dBTCTA
_dDTM
_dDLC
050 0 0 _aBV4520
_b.D63 2012
082 0 0 _a248.4
_223
100 1 _aDodson, Jonathan K.
_945643
245 1 0 _aGospel-centered discipleship /
_cJonathan K. Dodson ; foreword by Matt Chandler.
260 _aWheaton, Ill. :
_bCrossway,
_cc2012.
300 _a173 p. :
_bill. ;
_c21 cm.
490 1 _aRe:Lit
504 _aIncludes bibliographical references (p. 157-158) and indexes.
505 0 _aMaking disciples : evangelism or discipleship? -- The goal of discipleship : fighting for image -- Twisted motives : the failure of discipleship -- Gospel motives : the center of discipleship -- Gospel power : the essential role of the Holy Spirit -- Communal discipleship : the three conversions -- Practical discipleship : putting the Gospel into practice -- Gospel-centered culture : maturing and multiplying disciples.
650 0 _aDiscipling (Christianity)
_945644
830 0 _aRe:Lit.
_945645
906 _a7
_bcbc
_corignew
_d1
_eecip
_f20
_gy-gencatlg
942 _2lcc
_cBOOK
_hBV 4520
_i.D63 2012
999 _c12887
_d12887